000 00605cam a2200205 4500
001 000001646
005 20250714091948.0
008 720921s1976 nyu b 000 0 eng
020 _a0873482719
040 _aDO-SdBNP
_bspa
_cBNPHU
082 _a305.42
_bJ54f
245 0 0 _aFeminism and socialism /
_cEdición e introducción, Linda Jenness.
260 _aNew York :
_bPathfinder Press,
_c1976.
300 _a160 p. ;
_c22 cm.
650 0 _aFeminismo
_92525
650 4 _aMujeres
_xCondiciones sociales
_92063
650 0 _aSocialismo
_9287
700 1 _aJenness, Linda,
_eed.
_95371
910 _aEn proceso
999 _c1533
_d1533